| 000 | 00756nam a22002177a 4500 | ||
|---|---|---|---|
| 999 |
_c172230 _d172230 |
||
| 005 | 20200130101939.0 | ||
| 010 | _aB-731177 | ||
| 020 |
_a9783319152776 _c4559.00 |
||
| 035 | _aB-733177 | ||
| 035 | _aB-731177 | ||
| 037 | _bDBAD/PUB | ||
| 082 | _a370.11 | ||
| 100 | _aMadu Singh | ||
| 245 |
_aGlobal perspectives on recognising non-formal and informal learning : _b why recognition matters / _cby Madhu Singh |
||
| 260 |
_aNew York _bSpringer _c(2015 |
||
| 270 |
_aSpringer _bNew York |
||
| 300 |
_axix,220p. : _c22cm(Hb) |
||
| 490 |
_aTechnical and vocationa leducation and training: issues, concerns and prospects _v21 |
||
| 942 |
_2ddc _cEN _mMAD _h370.11 |
||